LEADER 01076cam0-22003131i-450- 001 990005063460403321 005 20090623132027.0 035 $a000506346 035 $aFED01000506346 035 $a(Aleph)000506346FED01 035 $a000506346 100 $a19990604d1962----km-y0itay50------ba 101 0 $aita 102 $aIT 105 $ay-------100yy 200 1 $a<>attesa dell'etą nuova nella spiritualitą della fine del Medioevo$e16-19 ottobre 1960$fCentro di studi sulla spiritualitą medievale 210 $aTodi$cAccademia Tudertina$d1962 215 $a458 p.$d22 cm 225 1 $aConvegni del Centro di studi sulla spiritualitą medievale$v3 676 $a236 710 02$aCentro di studi sulla spiritualitą medievale$0154938 801 0$aIT$bUNINA$gRICA$2UNIMARC 901 $aBK 912 $a990005063460403321 952 $a236 CONV TODI 1960$bFil.Mod. 9088$fFLFBC 952 $aST.MED.MOD. 3778$bST.MED.MOD. 1749$fFLFBC 959 $aFLFBC 996 $aAttesa dell'etą nuova nella spiritualitą della fine del Medioevo$9531964 997 $aUNINA LEADER 00828nam0-22003011i-450- 001 990002895320403321 035 $a000289532 035 $aFED01000289532 035 $a(Aleph)000289532FED01 035 $a000289532 100 $a20000920d1985----km-y0itay50------ba 101 0 $aITA 200 1 $aAnnuario di statistiche demografiche$e1983$fIstituto centrale di statistica 210 $aRoma$cChicca$d1985 215 $a390 p.$d25 cm 300 $aTomo 1 300 $aVol. 32 610 0 $aItalia$astatistiche demografiche$a1983 676 $a306.8 700 1$aIstat$0445627 801 0$aIT$bUNINA$gRICA$2UNIMARC 901 $aBK 912 $a990002895320403321 952 $aCDI-SD32-85-Pos-58$b2206$fMAS 959 $aMAS 996 $aAnnuario di statistiche demografiche$9466662 997 $aUNINA DB $aING01